|
|
|
|
| LEADER |
00000cam a2200000 7i4500 |
| 001 |
0000121255 |
| 005 |
20080812.0 |
| 020 |
|
|
|a 983424486X
|
| 090 |
0 |
0 |
|a 618.24
|b SIT
|
| 100 |
0 |
|
|a Siti Nor Bahyah Mahamood
|
| 245 |
1 |
0 |
|a Amalan ibu mengandung :
|b menurut Al-Quran, As-Sunnah & pengalaman
|c Siti Nor Bahyah Mahamood, Hj. Muhammad Zakaria, Jaafar Salleh
|
| 260 |
|
|
|a Kuala Lumpur :
|b Telaga Biru Sdn Bhd ,
|c 2006
|
| 300 |
|
|
|a 103p. :
|b ill. ;
|c 19cm.
|
| 490 |
0 |
|
|a Bimbingan keluarga
|
| 650 |
0 |
0 |
|a Birth customs
|x Religious aspects
|x Islam
|
| 650 |
0 |
0 |
|a Childbirth
|x Religious aspect
|x Islam
|
| 650 |
0 |
0 |
|a Parenting
|x Religious aspects
|x Islam
|
| 650 |
0 |
0 |
|a Pregnancy
|x Religious aspects
|x Islam
|
| 700 |
0 |
|
|a Hj. Muhammad Zakaria
|
| 700 |
0 |
|
|a Jaafar Salleh
|
| 999 |
|
|
|a 00214142
|b BUKU
|c PINJAMAN
|e PERPUSTAKAAN KOMUNITI PETALING JAYA
|
| 999 |
|
|
|a 00280207
|b BUKU
|c PINJAMAN
|e PERPUSTAKAAN KOMUNITI CAW TAMAN MEDAN
|